000 00642nam a2200229Ia 4500
001 3112
003 GE_BSU
008 181216s||||||||xx |||||||||||||| ||und||
040 _cGE_BSU
080 _a51(075.8)
100 _aСмирнов,В.И.
245 _aКурс высшей математики. Том первый.
245 _bУчебник.
245 _cРед. Ю.А.Горков.
250 _aИзд. 23-е, стереотипное.
260 _aМ.
260 _bНаука.
260 _c1974.
300 _a480 стр. с илл. 22 см.
653 _aКурс высшей математики.
942 _cBK
999 _c37156
_d37156